[Event "World Amateur-ch U1700"]
[Site "Chalkidiki"]
[Date "2016.04.27"]
[Round "9"]
[White "Jatin, SN."]
[Black "Reem, Rami"]
[Result "1-0"]
[WhiteElo "1575"]
[BlackElo "1524"]
[PlyCount "81"]
[EventDate "2016.04.19"]
[EventType "swiss"]
[EventRounds "9"]
[EventCountry "GRE"]
[SourceTitle "CBM 172 Extra"]
[Source "ChessBase"]
[SourceDate "2016.06.21"]
[SourceVersion "1"]
[SourceVersionDate "2016.06.21"]
[SourceQuality "1"]

1. e4 e5 2. Nf3 Nf6 3. Nxe5 d6 4. Nf3 Nxe4 5. Nc3 Nxc3 6. dxc3 Be7 7. Bf4 Nc6 8. Qd2 h6 9. Be2 Be6 10. Nd4 Nxd4 11. cxd4 d5 12. Be5 Bf6 13. Qf4 Bg5 14. Qg3 Qe7 15. Bxc7 Qb4+ 16. Qc3 Qxc3+ 17. bxc3 Rc8 18. Be5 0-0 19. h4 Bd8 20. Bd6 Ba5 21. 0-0 Rfd8 22. Bb4 Bxb4 23. cxb4 Rxc2 24. Bd3 Rc3 25. Rfd1 Rdc8 26. Kf1 Bd7 27. a4 Re8 28. b5 Bg4 29. f3 Bd7 30. Rac1 Rec8 31. Rxc3 Rxc3 32. Ke2 b6 33. Ra1 g5 34. hxg5 hxg5 35. Kd2 Rc8 36. a5 Rb8 37. axb6 Rxb6 38. Ra5 f5 39. Kc3 Bc8 40. Rxa7 f4 41. Ra8 1-0

[Event "World Amateur-ch U1700"]
[Site "Chalkidiki"]
[Date "2016.04.26"]
[Round "8"]
[White "Zakharova, Diana"]
[Black "Jatin, SN."]
[Result "1/2-1/2"]
[WhiteElo "1535"]
[BlackElo "1575"]
[PlyCount "68"]
[EventDate "2016.04.19"]
[EventType "swiss"]
[EventRounds "9"]
[EventCountry "GRE"]
[SourceTitle "CBM 172 Extra"]
[Source "ChessBase"]
[SourceDate "2016.06.21"]
[SourceVersion "1"]
[SourceVersionDate "2016.06.21"]
[SourceQuality "1"]

1. e4 e5 2. Nc3 Nf6 3. f4 d5 4. fxe5 Nxe4 5. Nf3 Be7 6. Qe2 Nxc3 7. bxc3 0-0 8. d4 f6 9. exf6 Bxf6 10. Qf2 Re8+ 11. Be2 Qe7 12. Kd1 Bf5 13. Re1 Qd7 14. Rb1 c5 15. Bd3 Rxe1+ 16. Kxe1 Bxd3 17. cxd3 Nc6 18. dxc5 Bxc3+ 19. Bd2 Qe7+ 20. Kf1 Bxd2 21. Qxd2 Qxc5 22. Rxb7 Rf8 23. Qg5 Qd4 24. Rd7 Qxd3+ 25. Kf2 Qc2+ 26. Kg3 Qg6 27. Qxg6 hxg6 28. Rxd5 Rb8 29. Rd6 Ne7 30. Ra6 Rb7 31. Nh4 Kf7 32. a3 Rc7 33. Kg4 Rc4+ 34. Kg5 Rc5+ 1/2-1/2

[Event "World Amateur-ch U1700"]
[Site "Chalkidiki"]
[Date "2016.04.24"]
[Round "6"]
[White "Pathak, Anshu Kr"]
[Black "Jatin, SN."]
[Result "0-1"]
[WhiteElo "1672"]
[BlackElo "1575"]
[PlyCount "112"]
[EventDate "2016.04.19"]
[EventType "swiss"]
[EventRounds "9"]
[EventCountry "GRE"]
[SourceTitle "CBM 172 Extra"]
[Source "ChessBase"]
[SourceDate "2016.06.21"]
[SourceVersion "1"]
[SourceVersionDate "2016.06.21"]
[SourceQuality "1"]

1. e4 e5 2. Nf3 Nc6 3. d4 exd4 4. Nxd4 Bc5 5. Be3 Qf6 6. Nb5 Bxe3 7. fxe3 Kd8 8. N1c3 Nge7 9. Be2 d6 10. Qd2 Bd7 11. 0-0-0 a6 12. Nd4 Ne5 13. h3 Qg6 14. g4 f6 15. Kb1 Re8 16. Nf5 Qf7 17. b3 Nxf5 18. exf5 Bc6 19. e4 b5 20. Rhe1 Kd7 21. Qf4 Re7 22. Nd5 Bxd5 23. Rxd5 Nc6 24. Red1 Re5 25. Qd2 Qe7 26. Bf3 Re8 27. Qc3 Rxd5 28. Rxd5 Qf7 29. Bg2 Re7 30. Qc5 Qe8 31. Qa3 Qc8 32. Qc5 Qb7 33. Qf2 Re5 34. h4 Qb6 35. Qxb6 cxb6 36. c3 Rxd5 37. exd5 Ne5 38. g5 Ke7 39. Kc2 fxg5 40. hxg5 Nf7 41. g6 hxg6 42. fxg6 Ne5 43. Be4 Kf6 44. Kd2 Nxg6 45. Ke3 Ne7 46. Kf4 g5+ 47. Kg4 Ke5 48. Bf3 Nxd5 49. Bxd5 Kxd5 50. Kxg5 Ke4 51. Kf6 Kd3 52. Ke6 Kxc3 53. Kxd6 Kb2 54. Kc6 Kxa2 55. Kxb6 Kxb3 56. Kxa6 b4 0-1